00437nam a2200145Ia 4500008004100000020001800041082001200059100001700071245001900088260001400107500001900121942000700140952012900147999001500276260604s9999 xx 000 0 und d a9781138189027 a330 RAD aRADAY935475 0aECONOMIC WOMAN bROUTLEDGE aEconomy, Woman cBK 00104070aIIMVbIIMVcLOCKERd2026-06-04g15780.15l0o330 RADp003914r2026-06-04 10:19:42v15780.15w2026-06-04yBKBRAD c8296d8296